|
|
|
|
| LEADER |
00000cam a2200000 a 4500 |
| 001 |
vtls001515372 |
| 003 |
SK-MaSNL |
| 005 |
20260301204110.0 |
| 008 |
251112s1544 gw a lat |
| 015 |
|
|
|a SNBHFA1544
|
| 035 |
|
|
|a urn:nbn:sk:snk-am00crxr
|
| 035 |
|
|
|a urn:nbn:sk:snk-am3haa8
|
| 035 |
|
|
|a DD0B8B9A-3796-42C6-8AD2-E18F31B8587F
|
| 040 |
|
|
|a SNKHF
|b slo
|c SNK
|e AACR2
|
| 041 |
|
|
|a lat
|
| 044 |
|
|
|a gw
|c DE
|
| 072 |
|
7 |
|a 2-23/-27
|x Biblia. Biblistika
|2 konspekt
|
| 080 |
|
|
|a 2-27
|2 2011
|
| 080 |
|
|
|a 27-27
|2 2011
|
| 130 |
0 |
|
|a Biblia
|9 17043
|
| 245 |
1 |
|
|a Biblia Sacrosancta Scriptorvm Propheticorvm Et Apostolicorvm
|b Cvm Dilegentia, Cvra, Stvdio Singvlari Elaborata. De Qve Sententia Doctissimorvm Virorvm, Et In Primis Hebraicae Lingvae Peritorvm, Plvrimis In Locis Vltra Priores Editiones Emendata Atqve Correcta: Et D. Erasm Roterod. Versione Novi Testamenti, Ivxta Priorem Apposita. Praemissis Vbiqve D. Hieronymi Prolegomenis. Accessit Latina interpretatio, nominum Hebraeorum, Chaldaeorum, Graecorum, quae passim in his scriptis occurrunt, perquàm copiosa & accurata. Item, Chosmographica locorum indicatio. Et ad haec omnia Index fidelis & ualde locuples Rervm Sententiarvmqve memorabilium in his libris
|
| 260 |
|
|
|a Lipsiae
|b Apvd Nicolavm VVolrab
|c Anno 1544-1549
|
| 300 |
|
|
|a [20], 867 s.
|c 4°. 34 x 22,5 cm
|
| 500 |
|
|
|a Iniciálky s ornamentálnym a figurálnym pozadím v rámčeku na 6, 7 r., drevorezy s biblickými výjavmi, marginálie, kustódy
|
| 501 |
|
|
|a Príväzok 1: BIBLIA. Novvm Testamentvm. - Lipsiae : Apvd Nicolavm VVolrab, Anno M.D.XLIII. [1543]. 4°.
|5 SNK IB 73263, prív. 1
|
| 508 |
|
|
|a Pref.: Hieronymus, Sophronius Eusebius; Erasmus, Desiderius
|
| 510 |
4 |
|
|a VD 16 ZV/26044
|
| 546 |
|
|
|a Latinčina
|
| 550 |
|
|
|a Údaje do impresa prevzaté z kolofónu, v kolofóne sa uvádza rok vydania 1544 a na titulnom liste 1549
|
| 561 |
|
|
|a Possessor hujus libri est [...]. - Quem dono accepit a Georgio Ozka? Honorifico Cive Hradistiensis Anno 1712 Die 29 junij. - Emptus a Parente possessoris 1 fl 4x [...] 1730. - Contûs Cremniciensis Frum Minorum.
|5 SNK IB 73263
|
| 561 |
|
|
|a Z knižnice františkánov v Kremnici.
|5 SNK IB 73263
|
| 563 |
|
|
|a a Väzba: pôvodná, renesančná, hnedá koža s ornamentálnou a figurálnou slepotlačou, spony
|
| 630 |
0 |
7 |
|a Biblia
|2 SNKPH
|9 17043
|
| 700 |
1 |
|
|a Hieronymus, Sophronius Eusebius,
|d asi 347-420
|4 aui
|9 128251
|
| 700 |
1 |
|
|a Wolrab, Nikolaus,
|d zomrel 1560
|4 tlt
|9 305747
|
| 710 |
2 |
|
|a Františkáni (Kremnica, Slovensko)
|4 fmo
|9 162717
|
| 710 |
0 |
|
|a Wolrab, Nikolaus (Lipsko, Nemecko),
|d 1536-1560
|4 prt
|9 359175
|
| 752 |
|
|
|a Nemecko
|d Leipzig
|
| 852 |
|
|
|a snk
|b Františkáni Kremnica
|p IB 73263
|
| 958 |
|
|
|a ONDV
|
| 999 |
|
|
|c 905113
|d 907043
|
| 952 |
|
|
|t Fr Kr 1549
|a SNK
|b SNK
|c SNK_HF
|y PREZ
|7 0
|p 17A1256587
|o snkIB 73263
|i snk2017/9944
|8 5
|0 0
|1 0
|4 0
|d 2005-04-05
|f 1
|l 0
|r 2005-04-05 00:00:00
|w 2026-02-24
|